Heat and mass transfer (Record no. 137243)

000 -LEADER
fixed length control field 00280nam a2200109Ia 4500
008 - FIXED-LENGTH DATA ELEMENTS--GENERAL INFORMATION
fixed length control field 220120s9999||||xx |||||||||||||| ||und||
100 ## - MAIN ENTRY--PERSONAL NAME
Personal name Arora, C P and others
9 (RLIN) 8766
245 #0 - TITLE STATEMENT
Title Heat and mass transfer
260 ## - PUBLICATION, DISTRIBUTION, ETC.
Place of publication, distribution, etc. Dhanapathrai publishing
Date of publication, distribution, etc. 1997
300 ## - PHYSICAL DESCRIPTION
Other physical details 299
650 ## - SUBJECT ADDED ENTRY--TOPICAL TERM
Topical term or geographic name entry element VHDL
Holdings
Withdrawn status Lost status Damaged status Not for loan Collection code Home library Current library Date acquired Barcode Date last seen Price effective from Koha item type
        Mechanical Engineering Central Library Central Library 01/20/2022 GF1102 01/20/2022 01/20/2022 Gift Books

Powered by Koha